000
00313nam a2200121Ia 4500
008
241015s9999 xx 000 0 und d
041
_a
eng
082
_a
658.4092 PAP
100
_a
Papworth, Kirstie Drummond
245
_a
Compassionate Leadership
260
_b
De Gruyter
_a
Boston
_c
2023
300
_a
204;. P. 24 cm
999
_c
41633
_d
41633